NTA CUET {UG}/ (Record no. 204813)

MARC details
000 -LEADER
fixed length control field 00693nam a22002177a 4500
005 - DATE AND TIME OF LATEST TRANSACTION
control field 20240813153751.0
008 - FIXED-LENGTH DATA ELEMENTS--GENERAL INFORMATION
fixed length control field 970904m19271929ii a 001 0aeng
010 ## - LCCN (DPL NO)
LC control number ENG-141178
020 ## - INTERNATIONAL STANDARD BOOK NUMBER
International Standard Book Number 9789393330680
Terms of availability 995.00
035 ## - SYSTEM CONTROL NUMBER
System control number EN-124710
037 ## - SOURCE OF ACQUISITION
Source of stock number/acquisition DBAD
040 ## - CATALOGING SOURCE
Original cataloging agency DPL
082 ## - DEWEY DECIMAL CLASSIFICATION NUMBER
Classification number 000
100 ## - MAIN ENTRY--PERSONAL NAME
Personal name kirmani SAS
9 (RLIN) 69286
245 ## - TITLE STATEMENT
Title NTA CUET {UG}/
Statement of responsibility, etc By SAS Kirmani Kumar Supravin & Abdul Hameed P A
260 ## - PUBLICATION, DISTRIBUTION, ETC. (IMPRINT)
Place of publication, distribution, etc Hyderabad
Name of publisher, distributor, etc Universities Press Private Limited
Date of publication, distribution, etc 2024
270 ## - ADDRESS
Address 3-6-752/1/ A & 3-6-745/1 Himayatnagar, Hyderabad
City Hyderabad
Postal code 500029
300 ## - PHYSICAL DESCRIPTION
Extent 10.20 Vp.
Dimensions 26cm.(Pb)
650 ## - SUBJECT ADDED ENTRY--TOPICAL TERM
Topical term or geographic name as entry element Leadership
9 (RLIN) 69287
942 ## - ADDED ENTRY ELEMENTS (KOHA)
Source of classification or shelving scheme Dewey Decimal Classification
Item type English Books
Call number suffix KIR
Classification part 280.01
Holdings
Withdrawn status Lost status Source of classification or shelving scheme Damaged status Not for loan Collection code Home library Current library Date acquired Source of acquisition Cost, normal purchase price Total Checkouts Total Renewals Full call number Barcode Date last seen Copy number Cost, replacement price Koha item type
    Dewey Decimal Classification     Non-fiction Patel Nagar Patel Nagar 05/08/2024 DBAD 995.00 6 9 KIR 280.01 EN-124710 04/05/2026 1 995.00 English Books

© Delhi Public Library
Hit Counter
free hit counter